00393pab a2200133 454500008004000000100001800040245010900058260000900167300001300176362000800189650002300197700001300220773002600233180718b2008 xxu||||| |||| 00| 0 eng d aGulshan Kumar aGrowth and forecasts of foreign direct investment inflows to South and East Asia - an empirical analysis c2008 ap.17-31. aApr aForeign investment aS. Avtar aAsian Economic Review